| 000 | 00443cam a2200145u 4500 | ||
|---|---|---|---|
| 082 |
_a671.32 _bPFK _cL-18, P-01 |
||
| 100 | 1 |
_aPolukhin, Petr Ivanovich, _944951 |
|
| 245 | 1 | 0 |
_aRolling mill practice _cPolukhin, Petr Ivanovich, |
| 260 |
_aMoscow, _bPeace Publishers, _c[1963] |
||
| 300 |
_a510 p. _billus. _c27 cm. |
||
| 526 |
_a0 _b0 _c0 _d671_320000000000000_PFK |
||
| 650 | 0 |
_aMCE _9379 |
|
| 650 | 0 |
_aRolling (Metal-work) _944952 |
|
| 942 |
_2ddc _cBK |
||
| 999 |
_c548595 _d548595 |
||